| 000 | 01743pam a2200397 a 4500 | ||
|---|---|---|---|
| 001 | 1577655 | ||
| 003 | ARRUPE | ||
| 005 | 20221130092337.0 | ||
| 008 | 930223s1993 nyu be 001 0 eng | ||
| 010 | _a 93007224 | ||
| 020 | _a0815305001 (acidfree paper) | ||
| 028 | _bArrupe | ||
| 040 |
_aDLC _cDLC _dDLC |
||
| 043 | _an-us--- | ||
| 050 | 0 | 0 |
_aBR563.N4 _bE53 1993 |
| 082 | 0 | 0 |
_a200/.89/96073 _220 |
| 245 | 0 | 0 |
_aEncyclopedia of African American religions / _cedited by Larry G. Murphy, J. Gordon Melton, Gary L. Ward. |
| 260 |
_aNew York : _bGarland Pub., _c1993. |
||
| 300 |
_alxxvi, 926 p. ; _c29 cm. |
||
| 490 | 1 |
_aReligious information systems ; _vvol. 9 |
|
| 490 | 1 |
_aGarland reference library of social science ; _vvol. 721 |
|
| 504 | _aIncludes bibliographical references (p. 865-875) and indexes. | ||
| 650 | 0 |
_aAfrican Americans _xReligion _vEncyclopedias. _952135 |
|
| 650 | 0 |
_aAfrican American churches _vEncyclopedias. _952136 |
|
| 651 | 0 |
_aUnited States _xReligion _vEncyclopedias. _952137 |
|
| 700 | 1 |
_aMurphy, Larry G. _q(Larry George), _d1946- _952138 |
|
| 700 | 1 |
_aMelton, J. Gordon. _952139 |
|
| 700 | 1 |
_aWard, Gary L. _952140 |
|
| 740 | 0 | _aAfrican American religions. | |
| 830 | 0 |
_aReligious information systems series ; _vvol. 9. _952141 |
|
| 830 | 0 |
_aGarland reference library of social science ; _vv. 721. _952142 |
|
| 856 | 4 | 2 |
_3Publisher description _uhttp://www.loc.gov/catdir/enhancements/fy0652/93007224-d.html |
| 906 |
_a7 _bcbc _corignew _d1 _eocip _f19 _gy-gencatlg |
||
| 942 |
_2lcc _cREFERENCE |
||
| 999 |
_c131611 _d131611 |
||